000 00630cam a2200205 4500500
005 20260329004502.0
041 _afre
042 _adc
100 1 0 _aMorel, François
_eauthor
245 0 0 _a“La société de masse ne veut pas la culture mais les loisirs”
260 _c2020.
500 _a18
690 _aCulture
690 _aFrançois Morel
690 _aHannah Arendt
690 _aHumour
690 _aLoisirs
786 0 _nPhilosophie magazine | 136 | 2 | 2020-02-01 | p. 74-74 | 1951-1787
856 4 1 _uhttps://shs.cairn.info/magazine-philosophie-magazine-2020-2-page-74?lang=fr&redirect-ssocas=7080
999 _c1834377
_d1834377